000
00313nam a2200133Ia 4500
008
260107s9999||||xx |||||||||||||| ||und||
020
_a
9781728290737
082
_a
823.92
_b
RON
100
_a
Ron, Mercedes
_9
6322
245
0
_a
My fault
260
_a
Illinois
_b
Bloom Books
_c
2023
300
_a
383 p.
942
_c
GB
999
_c
33475
_d
33475